| 000 | 00839nam a22002177a 4500 | ||
|---|---|---|---|
| 999 |
_c20961 _d20961 |
||
| 003 | AR-CdUCM | ||
| 008 | 190610b ||||| |||| 00| 0 spa d | ||
| 040 |
_aMUNICIPALIDAD PROVINCIAL DEL CUSCO _cBIBLIOTECA MUNICIPAL DEL CUSCO |
||
| 082 |
_a131.34 / _bC27 |
||
| 100 |
_aCaruso, Igor A. _943739 |
||
| 245 |
_aPsicoanálisis dialéctico : _bAspectos sociales del psicoanálisis personal / |
||
| 260 |
_aBuenos Aires : _bPaidos, _c1964. |
||
| 300 |
_a143 páginas ; _c23 cm. |
||
| 500 | _a[libro reempastado], version castellana de Rosa tanco Duque | ||
| 505 | _aContenido: La dialéctica en psicoanálisis -- Ambigüedad de la alineación -- Alineación y soberanía de la persona... | ||
| 650 |
_aPsicoanálisis _913022 |
||
| 650 |
_aDialéctica _95490 |
||
| 650 |
_aObjetivación _943740 |
||
| 942 |
_2ddc _cLIBROS |
||
| 945 | _aAndy | ||